| 000 | 00458nam a2200205Ia 4500 | ||
|---|---|---|---|
| 003 | 0100 | ||
| 008 | 130303s9999 xx 000 0 und d | ||
| 020 | _a809137631 | ||
| 040 | _cARRUPELIB | ||
| 050 | _aBL410.P361999 | ||
| 100 | _aRaimon Panikkar | ||
| 245 | 4 | _aThe intrareligios dialogue | |
| 250 | _aRevised | ||
| 260 | _aNew York | ||
| 260 | _bPaulist press | ||
| 260 | _C1999 | ||
| 300 | _a157p.23cm | ||
| 700 | _aRaimon Panikkar | ||
| 942 | 0 | 0 | _07 |
| 999 |
_c10787 _d10787 |
||